Thinking ahead (Record no. 72569)

MARC details
000 -LEADER
fixed length control field 00901cam a2200205 4500
001 - CONTROL NUMBER
control field ABS66580
008 - FIXED-LENGTH DATA ELEMENTS--GENERAL INFORMATION
fixed length control field 030429n2003 000 0 eng u
035 ## - SYSTEM CONTROL NUMBER
System control number (Sirsi) u122120
100 ## - MAIN ENTRY--PERSONAL NAME
Personal name Fletcher, K.
245 ## - TITLE STATEMENT
Title Thinking ahead
260 ## - PUBLICATION, DISTRIBUTION, ETC.
Date of publication, distribution, etc. 2003
490 ## - SERIES STATEMENT
Series statement Building Services Journal
Volume/sequential designation 25(3) April 2003, 48-55(7)
520 ## - SUMMARY, ETC.
Summary, etc. Reports on recent events in building services and considersits future. "Mind over matter" reports from Think 2010 weekend event, when the building services industry considered its current position and its future. "Secrets of success" looks at how partnering can work in real businesses as debated at the recent "Building Services Journal"conference, which identified the steps needed to get started.
590 ## - LOCAL NOTE (RLIN)
Local note ABS
650 ## - SUBJECT ADDED ENTRY--TOPICAL TERM
Topical term or geographic name entry element PARTNERING
650 ## - SUBJECT ADDED ENTRY--TOPICAL TERM
Topical term or geographic name entry element CONFERENCES
650 ## - SUBJECT ADDED ENTRY--TOPICAL TERM
Topical term or geographic name entry element Block management
9 (RLIN) 6220
690 ## - LOCAL SUBJECT ADDED ENTRY--TOPICAL TERM (OCLC, RLIN)
Topical term or geographic name as entry element Block management
9 (RLIN) 6220
942 ## - ADDED ENTRY ELEMENTS (KOHA)
Suppress in OPAC 0
Holdings
Withdrawn status Lost status Source of classification or shelving scheme Damaged status Not for loan Home library Current library Shelving location Date acquired Total Checkouts Full call number Barcode Date last seen Copy number Price effective from Koha item type
    Dewey Decimal Classification     London London Journal article 29/04/2003   ABS66580 122120-1001 06/08/2019 1 06/08/2019 Journal article